00552 2200181 4500001002100000005001500021008004100036020002200077035001900099041000700118082001000125090001600135100001600151245011600167260004200283300002100325650002400346INLIS00000000001797820241224115421241224||||||||| | ||| |||| || |  a978-979-22-3096-3 0010-1224017978 aid0 a658.8 a658.8 WAR t0 aFara Warner00aTHE POWER OF THE PURSE :Kiat Cerdas Bisnis Dalam Menyesuaikan Diri Dengan Pelanggan Terpenting di Dunia- wanita aJakartabGramedia Pustaka Utamac2007 a253hlm;15cmx23cm 0aManajemen Pemasaran